000 00827nam a22002297a 4500
999 _c19629
_d19629
003 AR-CdUCM
008 190518b ||||| |||| 00| 0 spa d
020 _a9972-840-13-1
040 _aMUNICIPALIDAD PROVINCIAL DEL CUSCO
_cBIBLIOTECA MUNICIPAL DEL CUSCO
082 _a634.11 /
_bS24
100 _aSánchez Reyes, Cristian
_921418
245 _aProducción y comercialización de manzanas y peras /
260 _aLima :
_bEds. Ripalme,
_c2005.
300 _a134 paginas ;
_bIlustraciones,
_c21 cm.
505 _aContenido : Origen de la manzana -- Cultivo del manzano -- Las labores culturales -- La cosecha -- El cultivo de la pera...
650 _aLa manzana
_941077
650 _aLa pera
_941078
650 _aPlantaciones
_921421
650 _aCultivos
_920217
942 _2ddc
_cLIBROS
945 _awnts
_d2019-05-18